Word Ladder: Books Missing Words Quiz Stats

 Plays Quiz Updated Apr 23, 2019

Score 0/22 Timer 03:00
0 Plays Today
Book Title Four Letter Word % Correct
Moby-____DICK
98.9%
Gone with the ____WIND
97.7%
Hickory Dickory ____DOCK
97%
Fantastic Beasts and Where to ____ ThemFIND
96.7%
Of ____ and MenMICE
96.7%
____ of PiLIFE
96.3%
Eat, Pray, ____LOVE
93.7%
The Rest of Us Just ____ HereLIVE
93.7%
Along ____ a SpiderCAME
93.4%
The ____ Thief• BOOK •
93.2%
____ and KeyLOCK
92.5%
Book Title Four Letter Word % Correct
The Time Traveler's ____WIFE
92.5%
She's ____ UndoneCOME
89.9%
The ____ ManDICE
89.1%
Dandelion ____WINE
88.9%
The Wings of the ____DOVE
88.3%
Eleanor Oliphant is Completely ____FINE
87.3%
____ Alive Twenty-FiveLOOK
86.7%
Under the ____DOME
85.5%
The Strange ____ of Dr. Jekyll and Mr. Hyde• CASE •
79.5%
The Odessa ____FILE
71.7%
Moonlight ____MILE
68.7%

Today's Daily Dose

Word Ladder
Lean on Me

Get the Picture
Superhero by Villain

You're not logged in!

Compare scores with friends on all Sporcle quizzes.
OR
Log In

Sporcle TV

Today on Sporcle TV


Watch our educational content, quiz creation guides, and fun videos on Sporcle TV.

Show Comments

Extras

Top Quizzes Today


Score Distribution

Your Account Isn't Verified!

In order to create a playlist on Sporcle, you need to verify the email address you used during registration. Go to your Sporcle Settings to finish the process.

Report this User

Report this user for behavior that violates our Community Guidelines.

Details: